| 000 | 00673nam a2200205 a 4500 | ||
|---|---|---|---|
| 005 | 20230209063819.0 | ||
| 008 | 020115s2001 r 000 0 eng d | ||
| 020 | _a8483163691 | ||
| 035 | _aUPN01000114560 | ||
| 049 | _aCG | ||
| 050 | 4 |
_aBF697.5 S4.3 _bS8.2 |
|
| 100 | 1 | _aSureda García, Inmaculada | |
| 245 | 1 | 0 |
_aCómo mejorar el autoconcepto : _bprograma de intervención para la mejora de habilidades socio-personales en alumnos de secundaria / _cInmaculada Sureda, García. |
| 260 |
_aMadrid : _bCCS, _c2001. |
||
| 300 | _a124 p. | ||
| 440 | 0 |
_aMateriales para educadores ; _v46 |
|
| 650 | 2 |
_aAutopercepción _93822 |
|
| 650 | 4 |
_aAutoestima _92906 |
|
| 905 | _aLibro | ||
| 999 |
_c88467 _d88467 |
||